000 00564nam a2200229Ia 4500
003 OSt
005 20220924141918.0
006 a|||||r|||| 00| 0
007 ta
008 220923b |||||||| |||| 00| 0 ben d
024 _a299761
037 _cTextual
040 _aARTS
_cARTS
_bben
041 _2ben
_aben
082 _aQ0V2, 157J2
100 _aDwibedi
_9212687
245 0 _aSwadhin bharat o hindu dharmer
260 _c1952
650 _aBENGALI LITERATURE
942 _hQ0V2, 157J2
_cTEXL
_2CC
999 _c448675
_d448675